Formacin̤ en derecho basada en competencias

Detalles Bibliográficos
Autor principal: Goyes Moreno, Isabel
Otros Autores: Pabn̤ Mantilla, Ana Patricia
Formato: Libro
Lenguaje:español
Publicado: Colombia Editorial Universidad de Rosario (Colombia) 2014
Materias:
Acceso en línea:Acceso restringido

MARC

LEADER 00000nam a22000007a 4500
005 2016050301231.0
007 cr|||| ||u|
008 160503s2014 ck ||||| |||| 00||0 spa d
020 |a 978-958-738-476-5 
035 |a 14181 
040 |a vLex  
090 |c 6042  |d 6042 
100 1 |a Goyes Moreno, Isabel  
245 1 0 |a Formacin̤ en derecho basada en competencias  |h [Recurso electrn̤ico] /  |c Isabel Goyes Moreno  
256 |a Servicio en ln̕ea  
260 |a Colombia  |b Editorial Universidad de Rosario (Colombia)  |c 2014 
300 |a 1 recurso electrn̤ico (142 Pg̀inas)  
506 1 |a Contenido solo disponible en los productos indicados   |d vLex Global  |d vLex Global (Academic Edition, excluding Law Schools)  |d vLex Global (U.S. Academic Edition, Law Schools)  |d vLex Global (U.S. Academic Edition, excluding Law Schools)  |d vLex Global (Academic Edition, Law Schools) 
650 0 4 |a Derecho  |z Colombia 
700 0 |a Pabn̤ Mantilla, Ana Patricia 
740 0 |a vLex libros (servicio en ln̕ea)  
856 0 4 |u http://vlex.com/source/formacion-en-derecho-basada-en-competencias-14181  |z Acceso restringido  
942 |c BOOK 
999 0 |a Law  |b Colombia